| 000 | 01731nam a22004097a 4500 | ||
|---|---|---|---|
| 003 | DO-SdBNP | ||
| 005 | 20211115114247.0 | ||
| 007 | ta | ||
| 008 | 211112b2018 a|||e |||| 001 0 spa d | ||
| 020 | _a9789945580501 | ||
| 040 |
_aDO-SdBNP _bspa _cBNPHU |
||
| 082 | 4 |
_222 _a346.03 _bH557r |
|
| 100 | 1 | 0 |
_aHernández Ramos, Pedro Pablo _940199 |
| 245 | 1 | 0 |
_aResponsabilidad civil / _cPedro Pablo Hernández ; editor Lennys Tejada Betancourt |
| 260 |
_aSantiago de los Caballeros, Rep. Dom. : _bUAPA, _c2018. |
||
| 300 |
_a261 p. : (5) _bil.; _c27 cm |
||
| 490 |
_aAutoaprendizaje ; _vv. 8 |
||
| 504 | _aBibliografía : p. 261 | ||
| 505 | _aUnidad I. Evolución de la responsabilidad civil y sus fundamentos jurídicos. | ||
| 505 | _aUnidad II. Los regímenes de responsabilidad civil. | ||
| 505 | _aUnidad III. Requisitos de la responsabilidad civil. | ||
| 505 | _aUnidad IV. Las causas eximentes de responsabilidad civil y el derecho a la reparación. | ||
| 505 | _aUnidad V. Responsabilidad civil de ciertos profesionales. | ||
| 505 | _aUnidad VI. Responsabilidad civil del Estado, las entidades públicas, sus funcionarios o agentes. | ||
| 505 | _aUnidad VII. Régimen de las pruebas. | ||
| 505 | _aUnidad VIII. La acción en responsabilidad civil y la competencia. | ||
| 505 | _aBibliografía básica. | ||
| 505 | _aBibliografía general. | ||
| 590 | _aInventariado, 2021 / SA | ||
| 650 | 4 |
_aResponsabilidad civil _914308 |
|
| 650 | 4 |
_aResponsabilidad civil _vSeguros _980625 |
|
| 650 | 4 |
_aResponsabilidad _vextracontractual _980626 |
|
| 700 | 1 |
_978873 _aTejada Betancourt , Lennys G _eeditor |
|
| 700 | 1 |
_aHernández, Luisa _eCorrección y estilo _966105 |
|
| 910 | _aSaquino | ||
| 942 |
_2ddc _cLBS1 |
||
| 999 |
_c50953 _d50953 |
||